000 00656nam a2200229 a 4500
001 BRL_1908
005 20190320211429.0
008 170815s1954----sp-o######---#000-0#spa-#
041 _aspa
044 _asp
050 4 _aN7823.S7
_b.G83 1954
100 1 _aGudiol Ricart, José
_928204
245 1 0 _aMuseo Episcopal de Vich
_ctexto... José Gudiol Ricart.
260 _aBarcelona
_bEditorial Aries
_c[1954]
300 _a23 p.
_bil.
_c17 cm.
440 0 _aGuías artísticas de España
_928205
500 _aAu2167
610 2 4 _aMuseo Episcopal de Vich
_zEspaña
_928206
650 1 4 _aMuseos de arte
_zEspaña
_928207
902 _aGRL
942 _2lcc
_cB
999 _c10716
_d10716